Cariforum/ (Record no. 3487)

MARC details
000 -LEADER
campo de control de longitud fija 01880nam a22005417a 4500
003 - IDENTIFICADOR DE NÚMERO DE CONTROL
campo de control OSt
005 - FECHA Y HORA DE LA ÚLTIMA TRANSACCIÓN
campo de control 20230427112005.0
008 - DATOS DE LONGITUD FIJA--INFORMACIÓN GENERAL
campo de control de longitud fija 221006b |||||||| |||| 00| 0 eng d
040 ## - FUENTE DE CATALOGACIÓN
Centro/agencia transcriptor Biblioteca Lado V
082 ## - NÚMERO DE LA CLASIFICACIÓN DECIMAL DEWEY
Número de clasificación 708.972.9
Número de ítem T649c
100 ## - ENTRADA PRINCIPAL--NOMBRE DE PERSONA
9 (RLIN) 824
Nombre de persona Tolentino, Marianne to
Término indicativo de función/relación editor
245 ## - MENCIÓN DEL TÍTULO
Título Cariforum/
Resto del título Revista Cultural del Caribe
260 ## - PUBLICACIÓN, DISTRIBUCIÓN, ETC.
Nombre del editor, distribuidor, etc. Centro Cultural Cariforo de la Republica Dominicana
Lugar de publicación, distribución, etc. Santo Domingo
Fecha de publicación, distribución, etc. 2001
300 ## - DESCRIPCIÓN FÍSICA
Dimensiones 23x31cm
Extensión 84p.
366 ## - INFORMACIÓN SOBRE DISPONIBILIDAD COMERCIAL
Nota fre
490 ## - MENCIÓN DE SERIE
Mención de serie 6
Designación de volumen o secuencia 2001
505 ## - NOTA DE CONTENIDO CON FORMATO
Título Editorial
505 ## - NOTA DE CONTENIDO CON FORMATO
Título Haiti: relations haitiano-dominicaines
505 ## - NOTA DE CONTENIDO CON FORMATO
Título When Sugar was king
505 ## - NOTA DE CONTENIDO CON FORMATO
Título El exilio de los negros
505 ## - NOTA DE CONTENIDO CON FORMATO
Título Notes on the history
505 ## - NOTA DE CONTENIDO CON FORMATO
Título La cofradía del Espíritu Santo
505 ## - NOTA DE CONTENIDO CON FORMATO
Título Kadooment
505 ## - NOTA DE CONTENIDO CON FORMATO
Título Africania
505 ## - NOTA DE CONTENIDO CON FORMATO
Título Bob Marley
505 ## - NOTA DE CONTENIDO CON FORMATO
Título Neg Maron: Freedom
505 ## - NOTA DE CONTENIDO CON FORMATO
Título Introduction
505 ## - NOTA DE CONTENIDO CON FORMATO
Título Le jour
505 ## - NOTA DE CONTENIDO CON FORMATO
Título Paisajes del corazon
505 ## - NOTA DE CONTENIDO CON FORMATO
Título Pasion e historia
505 ## - NOTA DE CONTENIDO CON FORMATO
Título First International Conference
505 ## - NOTA DE CONTENIDO CON FORMATO
Título Un nuevo curso de administración
505 ## - NOTA DE CONTENIDO CON FORMATO
Título Incidencia del español
505 ## - NOTA DE CONTENIDO CON FORMATO
Título La Contemporaneidad
505 ## - NOTA DE CONTENIDO CON FORMATO
Título Africa y su Diaspora
505 ## - NOTA DE CONTENIDO CON FORMATO
Título Culinary Art of Saint Martin
650 ## - PUNTO DE ACCESO ADICIONAL DE MATERIA--TÉRMINO DE MATERIA
Fuente del encabezamiento o término Tesauro de Arte & Arquitectura
Término de materia o nombre geográfico como elemento de entrada ARTE
9 (RLIN) 703
650 ## - PUNTO DE ACCESO ADICIONAL DE MATERIA--TÉRMINO DE MATERIA
Fuente del encabezamiento o término Tesauro de Arte & Arquitectura
Término de materia o nombre geográfico como elemento de entrada EXPOSICIONES
650 ## - PUNTO DE ACCESO ADICIONAL DE MATERIA--TÉRMINO DE MATERIA
Fuente del encabezamiento o término Tesauro de Arte & Arquitectura
Término de materia o nombre geográfico como elemento de entrada CULTURA
650 ## - PUNTO DE ACCESO ADICIONAL DE MATERIA--TÉRMINO DE MATERIA
Fuente del encabezamiento o término Tesauro de Arte & Arquitectura
Término de materia o nombre geográfico como elemento de entrada APRECIACION
650 ## - PUNTO DE ACCESO ADICIONAL DE MATERIA--TÉRMINO DE MATERIA
Fuente del encabezamiento o término Tesauro de Arte & Arquitectura
Término de materia o nombre geográfico como elemento de entrada TEORIA
650 ## - PUNTO DE ACCESO ADICIONAL DE MATERIA--TÉRMINO DE MATERIA
Fuente del encabezamiento o término Tesauro de Arte & Arquitectura
Término de materia o nombre geográfico como elemento de entrada VIDEO
650 ## - PUNTO DE ACCESO ADICIONAL DE MATERIA--TÉRMINO DE MATERIA
Fuente del encabezamiento o término Tesauro de Arte & Arquitectura
Término de materia o nombre geográfico como elemento de entrada MUSICA
9 (RLIN) 702
650 ## - PUNTO DE ACCESO ADICIONAL DE MATERIA--TÉRMINO DE MATERIA
Fuente del encabezamiento o término Tesauro de Arte & Arquitectura
Término de materia o nombre geográfico como elemento de entrada LITERATURA
650 ## - PUNTO DE ACCESO ADICIONAL DE MATERIA--TÉRMINO DE MATERIA
Fuente del encabezamiento o término Tesauro de Arte & Arquitectura
Término de materia o nombre geográfico como elemento de entrada CULTURA AFRO
650 ## - PUNTO DE ACCESO ADICIONAL DE MATERIA--TÉRMINO DE MATERIA
Fuente del encabezamiento o término Tesauro de Arte & Arquitectura
Término de materia o nombre geográfico como elemento de entrada CARIBE
942 ## - ELEMENTOS DE ENTRADA SECUNDARIOS (KOHA)
Fuente del sistema de clasificación o colocación Clasificación Decimal Dewey
Tipo de ítem Koha Libros
Parte de la signatura que corresponde a la clasificación (Parte de la clasificación) 708.972.9
Parte de la signatura que identifica el ejemplar (Parte del ítem) T649c
Suprimir en OPAC No
Holdings
Estatus retirado Estado de pérdida Fuente del sistema de clasificación o colocación Especificación de materiales (volumen encuadernado u otra parte) Estado de daño No para préstamo Colección Biblioteca de origen Biblioteca actual Fecha de adquisición Enumeración/cronología de publicación seriada Número de inventario Total de préstamos Signatura topográfica completa Código de barras Visto por última vez Precio de reemplazo Tipo de ítem Koha
    Clasificación Decimal Dewey 2001     Revistas Biblioteca LadoV Biblioteca LadoV 27/04/2023 6 003276   708.972.9 T649c 003276 27/04/2023 27/04/2023 Libros